El sistema de proteccin̤ jurd̕ica por el Registro de la Propiedad sn̕tesis de su explicacin̤ ter̤ica y de su aplicacin̤ prc̀tica /

Detalles Bibliográficos
Autor principal: Figueiras Dacal, Manuel
Formato: Desconocido
Lenguaje:español
Publicado: Madrid : Dijusa, 2001
Materias:
Acceso en línea:Acceso restringido

MARC

LEADER 00000ny a22000003n 4500
005 20110608125432.0
008 011220s2001 sp || 000|0 spa d
017 |a D.L.M28209-01 
020 |a 9788495748041 
035 |a 2603 
040 |a BUS  |d vLex 
080 |a 347.235(460) 
090 |c 583  |d 583 
100 1 |a Figueiras Dacal, Manuel 
245 1 3 |a El sistema de proteccin̤ jurd̕ica por el Registro de la Propiedad  |h [Recurso electrn̤ico]  |b sn̕tesis de su explicacin̤ ter̤ica y de su aplicacin̤ prc̀tica /  |c Manuel Figueiras Dacal 
256 |a Servicio en ln̕ea 
260 |a Madrid :  |b Dijusa,  |c 2001 
300 |a 381 p. ;  |c 25 cm 
506 1 |a Contenido solo disponible en los productos indicados  |d vLex Global  |d vLex Global (Academic Edition, excluding Law Schools)  |d vLex Global (U.S. Academic Edition, Law Schools)  |d vLex Global (U.S. Academic Edition, excluding Law Schools)  |d vLex Global (Academic Edition, Law Schools) 
650 0 7 |a Registro de la propiedad  |2 Tesauro vLex 
650 0 7 |a Derecho registral  |2 Tesauro vLex 
740 0 |a vLex Libros (Servicios en ln̕ea) 
856 4 0 |u http://vlex.com/source/2603  |z Acceso restringido 
942 |c BOOK 
999 0 |a Land titles--Registration and transfer  |b Madrid